Statistics for Minecraft Items by Crafting Table Combinations (With Pictures) #13

Click here to take the quiz!

General Stats

  • This quiz has been taken 35 times
  • The average score is 6 of 9

Answer Stats

Answer% Correct
Bow
97%
Hay Bale
97%
Powered Rail
90%
Armor Stand
76%
Oak Fence Gate
76%
Spyglass
72%
Tripwire Hook
52%
Packed Mud
38%
Firework Star
17%

Score Distribution

Percentile by Number Answered

Percent of People with Each Score

Your Score History

You have not taken this quiz